[Event "BCF-chT3N 1920 (4NCL)"]
[Site "England"]
[Date "2020.02.08"]
[Round "5.25"]
[White "Tarr, Steve"]
[Black "Nicholson, Jim WR"]
[Result "0-1"]
[WhiteElo "1817"]
[BlackElo "1983"]
[PlyCount "104"]
[EventDate "2019.11.09"]
[EventType "team-swiss"]
[EventRounds "11"]
[EventCountry "ENG"]
[SourceTitle "EXT 2022"]
[Source "ChessBase"]
[SourceDate "2021.10.06"]
[SourceVersion "1"]
[SourceVersionDate "2021.10.06"]
[SourceQuality "1"]
[WhiteTeam "Shropshire II"]
[BlackTeam "Bradford DCA Knights"]
[WhiteTeamCountry "ENG"]
[BlackTeamCountry "ENG"]

1. d4 d5 2. Bf4 Nf6 3. e3 Bf5 4. c4 c6 5. Nc3 e6 6. Qb3 Qb6 7. c5 Qxb3 8. axb3 Nbd7 9. b4 Nh5 10. Bc7 Rc8 11. Bg3 Nxg3 12. hxg3 a6 13. Nf3 h6 14. Nd2 Be7 15. Nb3 0-0 16. Na5 Rc7 17. Be2 e5 18. 0-0 exd4 19. exd4 Bf6 20. Rfd1 Re8 21. Bd3 Bxd3 22. Rxd3 Nf8 23. Nb3 Rce7 24. Kf1 h5 25. Nd2 g6 26. Nf3 Bg7 27. Re1 Rxe1+ 28. Nxe1 Bh6 29. f4 h4 30. gxh4 Bxf4 31. g3 Bh6 32. Nf3 f6 33. h5 gxh5 34. Nh4 Bg5 35. Nf5 Ng6 36. Nd6 Re7 37. Rd1 h4 38. Re1 hxg3 39. Rxe7 Nxe7 40. Nxb7 Be3 41. Ne2 Bf2 42. Kg2 Kh7 43. Nd8 Kg6 44. Ne6 Kf5 45. Nc7 Ke4 46. Nxa6 Ke3 47. Nxg3 Bxg3 48. Kxg3 Kxd4 49. b5 cxb5 50. b4 Nc6 51. Kf4 Kc4 52. Kf5 d4 0-1

[Event "BCF-chT4S 1819 (4NCL)"]
[Site "England"]
[Date "2019.02.09"]
[Round "5.85"]
[White "Goldrick, Thomas G"]
[Black "Tarr, Steve"]
[Result "1/2-1/2"]
[WhiteElo "1872"]
[BlackElo "1757"]
[PlyCount "74"]
[EventDate "2018.11.17"]
[EventType "team-swiss"]
[EventRounds "11"]
[EventCountry "ENG"]
[SourceTitle "EXT 2021"]
[Source "ChessBase"]
[SourceDate "2020.10.23"]
[SourceVersion "1"]
[SourceVersionDate "2020.10.23"]
[SourceQuality "1"]
[WhiteTeam "The Full Ponty"]
[BlackTeam "Shropshire III"]
[WhiteTeamCountry "WLS"]
[BlackTeamCountry "ENG"]

1. e4 c5 2. Nc3 g6 3. g3 Bg7 4. d3 Nc6 5. Bg2 Nf6 6. f4 d6 7. Nf3 Bg4 8. h3 Bxf3 9. Qxf3 Nd4 10. Qf2 Rb8 11. 0-0 0-0 12. Be3 b5 13. Nd1 Nd7 14. c3 Nc6 15. d4 Qb6 16. dxc5 dxc5 17. e5 b4 18. b3 a5 19. Nb2 bxc3 20. Na4 Qb5 21. Nxc3 Qa6 22. Rac1 Rfc8 23. Rfd1 Qa7 24. Na4 Nb4 25. Nxc5 Nxc5 26. Rxc5 Rxc5 27. Bxc5 Qc7 28. Be3 e6 29. Qd2 Bf8 30. Rc1 Qd8 31. Rd1 Qc7 32. Qf2 Rd8 33. Rxd8 Qxd8 34. Bf3 Qd3 35. Kg2 Nxa2 36. Bb6 Qxb3 37. Bxa5 Nb4 1/2-1/2

[Event "Telford 4NCL op-B 19th"]
[Site "Telford"]
[Date "2018.07.15"]
[Round "5"]
[White "Bryant, Richard BE"]
[Black "Tarr, Steve"]
[Result "1-0"]
[WhiteElo "1944"]
[BlackElo "1757"]
[PlyCount "57"]
[EventDate "2018.07.13"]
[EventType "swiss"]
[EventRounds "5"]
[EventCountry "ENG"]
[SourceTitle "EXT 2019"]
[Source "ChessBase"]
[SourceDate "2018.10.10"]
[SourceVersion "1"]
[SourceVersionDate "2018.10.10"]
[SourceQuality "1"]

1. e4 c5 2. Nc3 g6 3. f4 Bg7 4. Nf3 Nc6 5. Bb5 Nd4 6. Bd3 e6 7. Nxd4 cxd4 8. Nb5 Qb6 9. e5 Bf8 10. b3 a6 11. Na3 d5 12. exd6 Qxd6 13. Qf3 Nf6 14. Bb2 Qc6 15. Qxc6+ bxc6 16. Nc4 c5 17. Nb6 Rb8 18. Nxc8 Rxc8 19. Bxa6 Rb8 20. a4 Nd5 21. Bb5+ Kd8 22. g3 h5 23. 0-0-0 Bg7 24. Ba3 Bf8 25. c3 dxc3 26. dxc3 Kc7 27. c4 Nf6 28. Bb2 Be7 29. Be5+ 1-0

[Event "BCF-chT4 1516 (4NCL)"]
[Site "England"]
[Date "2016.05.02"]
[Round "11.99"]
[White "Villiers, Thomas"]
[Black "Tarr, Steve"]
[Result "1-0"]
[WhiteElo "2117"]
[BlackElo "1900"]
[PlyCount "57"]
[EventDate "2015.11.14"]
[EventType "team-swiss"]
[EventRounds "11"]
[EventCountry "ENG"]
[SourceTitle "EXT 2017"]
[Source "ChessBase"]
[SourceDate "2016.10.25"]
[SourceVersion "1"]
[SourceVersionDate "2016.10.25"]
[SourceQuality "1"]
[WhiteTeam "Barnet Knights"]
[BlackTeam "Shropshire II"]
[WhiteTeamCountry "ENG"]
[BlackTeamCountry "ENG"]

1. c4 Nf6 2. g3 e6 3. Nf3 d5 4. Bg2 Be7 5. 0-0 0-0 6. b3 b6 7. Bb2 Bb7 8. e3 Ne4 9. d3 Bf6 10. Ne5 Nd7 11. f4 Nd6 12. cxd5 Nf5 13. Qe2 Nxe5 14. fxe5 Bg5 15. Rf3 Qxd5 16. Rf2 Qa5 17. Bxb7 Rab8 18. d4 Rxb7 19. Bc3 Nxd4 20. exd4 Qd5 21. Nd2 c5 22. dxc5 Qxc5 23. Ne4 Qc6 24. Qf3 Rc7 25. Bb4 Qb5 26. Bxf8 Kxf8 27. Nxg5 Qxe5 28. Rd1 Qxg5 29. Qa8+ 1-0

[Event "BCF-chT4 1516 (4NCL)"]
[Site "England"]
[Date "2016.03.19"]
[Round "8.99"]
[White "Tarr, Steve"]
[Black "Forster, Matthew"]
[Result "0-1"]
[WhiteElo "1900"]
[BlackElo "1680"]
[PlyCount "58"]
[EventDate "2015.11.14"]
[EventType "team-swiss"]
[EventRounds "11"]
[EventCountry "ENG"]
[SourceTitle "EXT 2017"]
[Source "ChessBase"]
[SourceDate "2016.10.25"]
[SourceVersion "1"]
[SourceVersionDate "2016.10.25"]
[SourceQuality "1"]
[WhiteTeam "Shropshire II"]
[BlackTeam "Sussex Martlets II"]
[WhiteTeamCountry "ENG"]
[BlackTeamCountry "ENG"]

1. d4 c5 2. c3 Nf6 3. Bf4 Qb6 4. Qb3 Qxb3 5. axb3 cxd4 6. Bxb8 Rxb8 7. Rxa7 e5 8. Nf3 dxc3 9. bxc3 Bc5 10. Ra5 b6 11. Ra1 e4 12. Nd4 e3 13. fxe3 0-0 14. b4 Bd6 15. Nd2 Ng4 16. Nc4 Bxh2 17. Kd2 d5 18. Nb2 Bg3 19. Rh3 Nf6 20. Rh1 Ne4+ 21. Kc2 Bg4 22. Nd3 Ra8 23. Rxa8 Rxa8 24. Kb2 g6 25. Nf4 Rd8 26. Nc6 Rd6 27. Nxd5 Nf2 28. Rh3 Bxh3 29. gxh3 Bh4 0-1

[Event "BCF-chT4 1516 (4NCL)"]
[Site "England"]
[Date "2016.02.13"]
[Round "5.196"]
[White "Mirza, Diana"]
[Black "Tarr, Steve"]
[Result "1-0"]
[WhiteElo "1872"]
[BlackElo "1900"]
[PlyCount "41"]
[EventDate "2015.11.14"]
[EventType "team-swiss"]
[EventRounds "11"]
[EventCountry "ENG"]
[SourceTitle "EXT 2017"]
[Source "ChessBase"]
[SourceDate "2016.10.25"]
[SourceVersion "1"]
[SourceVersionDate "2016.10.25"]
[SourceQuality "1"]
[WhiteTeam "Midland Monarchs II"]
[BlackTeam "Shropshire II"]
[WhiteTeamCountry "ENG"]
[BlackTeamCountry "ENG"]

1. e4 c5 2. Nf3 d6 3. c3 Nf6 4. h3 g6 5. Bd3 Bg7 6. 0-0 0-0 7. Bc2 Nc6 8. d4 cxd4 9. cxd4 d5 10. e5 Ne4 11. Re1 f5 12. Nc3 Nxc3 13. bxc3 Na5 14. Bb3 e6 15. Ba3 Rf7 16. Qe2 b6 17. Qd2 Rc7 18. Bd6 Nc4 19. Bxc7 Nxd2 20. Bxd8 Nxf3+ 21. gxf3 1-0

[Event "BCF-chT3 1314 (4NCL)"]
[Site "England"]
[Date "2014.05.04"]
[Round "10.158"]
[White "Tarr, Steve"]
[Black "Kane, Robert"]
[Result "0-1"]
[WhiteElo "1743"]
[BlackElo "1865"]
[PlyCount "56"]
[EventDate "2013.11.16"]
[EventType "team-swiss"]
[EventRounds "11"]
[EventCountry "ENG"]
[SourceTitle "EXT 2015"]
[Source "ChessBase"]
[SourceDate "2014.11.20"]
[SourceVersion "1"]
[SourceVersionDate "2014.11.20"]
[SourceQuality "1"]
[WhiteTeam "Shropshire"]
[BlackTeam "BCM Rhinos II"]
[WhiteTeamCountry "ENG"]
[BlackTeamCountry "ENG"]

1. d4 e6 2. Bf4 d5 3. e3 f5 4. Bd3 Nf6 5. h3 Bd6 6. Nf3 Nc6 7. c3 Ne7 8. Ne5 c6 9. Nd2 Ng6 10. Ndf3 Nxf4 11. exf4 Bd7 12. g4 g6 13. gxf5 exf5 14. Qe2 Ne4 15. 0-0-0 Qa5 16. Nxd7 Bxf4+ 17. Kb1 Kxd7 18. Bxe4 fxe4 19. Ne5+ Bxe5 20. Qg4+ Kc7 21. dxe5 Qc5 22. Rhe1 Rae8 23. f4 exf3 24. Qxf3 Rhf8 25. Qg3 Qf2 26. Qg4 Qf5+ 27. Qxf5 Rxf5 28. e6 Kd6 0-1

[Event "Gibraltar Challengers-B 12th"]
[Site "Caleta"]
[Date "2014.02.05"]
[Round "5"]
[White "Tarr, Steve"]
[Black "Ungureanu, Sandu"]
[Result "0-1"]
[WhiteElo "1753"]
[BlackElo "2014"]
[PlyCount "176"]
[EventDate "2014.02.01"]
[EventType "swiss"]
[EventRounds "5"]
[EventCountry "GGB"]
[SourceTitle "CBM 158 Extra"]
[Source "ChessBase"]
[SourceDate "2014.02.28"]
[SourceVersion "1"]
[SourceVersionDate "2014.02.28"]
[SourceQuality "1"]

1. d4 b6 2. Bf4 Bb7 3. e3 f5 4. Nf3 Nf6 5. Bd3 e6 6. Nbd2 h6 7. h3 g5 8. Bh2 Bg7 9. Qe2 Nc6 10. c3 d5 11. Ne5 0-0 12. g4 Nxe5 13. Bxe5 Ne4 14. Bxg7 Kxg7 15. 0-0-0 Qf6 16. Rh2 f4 17. Bxe4 dxe4 18. h4 Rh8 19. Rdh1 Raf8 20. Qc4 gxh4 21. Rxh4 Qe7 22. Qb5 Qg5 23. Qd7+ Rf7 24. Qxe6 Re7 25. Qf5 Qxf5 26. gxf5 fxe3 27. fxe3 Kf6 28. Nc4 Kxf5 29. Ne5 Rg7 30. Rh5+ Ke6 31. Nc4 Rgh7 32. d5+ Kd7 33. Ne5+ Kc8 34. c4 Kb8 35. R1h4 Bc8 36. Nc6+ Kb7 37. Rxe4 Rg7 38. Kd2 Rg5 39. Reh4 Rxh5 40. Rxh5 Bg4 41. Rh4 Bd7 42. Ne5 Be8 43. e4 h5 44. Nf3 Rg8 45. e5 Rg2+ 46. Kc1 Bg6 47. Rh2 Rg4 48. b3 Kc8 49. e6 Be8 50. Ne5 Re4 51. Nf7 h4 52. Kd2 Bxf7 53. exf7 Rf4 54. Rxh4 Rxf7 55. Re4 a5 56. a4 Kd7 57. Kd3 Rf3+ 58. Re3 Rf4 59. Kc3 Rf1 60. Rh3 Rc1+ 61. Kb2 Rg1 62. Rh6 Rg3 63. Rc6 Rg2+ 64. Ka3 Rd2 65. Rh6 Kd8 66. Rh7 Kc8 67. Rh3 Kd7 68. b4 Rd1 69. bxa5 bxa5 70. Rh2 Ra1+ 71. Kb3 Rb1+ 72. Rb2 Rh1 73. Kc3 Rc1+ 74. Kb3 Kd6 75. Rc2 Rh1 76. Rc3 Kc5 77. Rg3 Rb1+ 78. Ka2 Rb4 79. Rg7 Rb7 80. Ka3 Kd6 81. Rg6+ Kc5 82. Rc6+ Kd4 83. d6 cxd6 84. Rxd6+ Kc3 85. c5 Rb3+ 86. Ka2 Rb2+ 87. Ka1 Rb4 88. c6 Kc2 0-1

[Event "Gibraltar Challengers-B 12th"]
[Site "Caleta"]
[Date "2014.02.01"]
[Round "1"]
[White "Pabalan, Rocky"]
[Black "Tarr, Steve"]
[Result "1-0"]
[WhiteElo "2103"]
[BlackElo "1753"]
[PlyCount "33"]
[EventDate "2014.02.01"]
[EventType "swiss"]
[EventRounds "5"]
[EventCountry "GGB"]
[SourceTitle "CBM 158 Extra"]
[Source "ChessBase"]
[SourceDate "2014.02.28"]
[SourceVersion "1"]
[SourceVersionDate "2014.02.28"]
[SourceQuality "1"]

1. d4 Nf6 2. Nf3 e6 3. Bf4 d5 4. e3 c5 5. c3 Nc6 6. Nbd2 cxd4 7. exd4 Bd6 8. Ne5 Qc7 9. Bb5 a6 10. Bxc6+ bxc6 11. 0-0 g5 12. Bxg5 Bxe5 13. dxe5 Qxe5 14. Nf3 Qf5 15. Qd4 Rg8 16. Qxf6 Rxg5 17. Qxg5 1-0

[Event "Gibraltar Challengers-A 12th"]
[Site "Caleta"]
[Date "2014.01.27"]
[Round "1"]
[White "Mihajlov, Svetoslav"]
[Black "Tarr, Steve"]
[Result "1-0"]
[WhiteElo "2112"]
[BlackElo "1728"]
[PlyCount "75"]
[EventDate "2014.01.27"]
[EventType "swiss"]
[EventRounds "5"]
[EventCountry "GGB"]
[SourceTitle "CBM 158 Extra"]
[Source "ChessBase"]
[SourceDate "2014.02.28"]
[SourceVersion "1"]
[SourceVersionDate "2014.02.28"]
[SourceQuality "1"]

1. e4 c5 2. Nf3 d6 3. d4 cxd4 4. Nxd4 Nf6 5. Nc3 g6 6. g3 Bg7 7. Bg2 0-0 8. h3 Nc6 9. Nde2 Bd7 10. 0-0 Rb8 11. a4 a6 12. Nd5 b5 13. axb5 axb5 14. Nef4 Re8 15. Nxf6+ Bxf6 16. Nd5 Bg7 17. Ra2 Qc8 18. Kh2 b4 19. b3 Ra8 20. Nb6 Rxa2 21. Nxc8 Rxc8 22. Be3 Nd8 23. Bd4 Bb5 24. Rg1 Bf8 25. Bb6 Ne6 26. Qd2 Rc3 27. Rc1 Bd3 28. Ba5 Bxc2 29. Bxb4 Rd3 30. Qe2 Nd4 31. Qf1 Rxb3 32. Qc4 Ra4 33. Qxd4 Rbxb4 34. Qe3 Bxe4 35. Rc8 Kg7 36. Qc3+ f6 37. Qc7 Rb7 38. Qd8 1-0